000 00916pam a2200253 a 4500
001 3277917
005 20250223163922.0
008 820423s1983 nyua 000 0 eng
020 _a0668053658 (pbk.) :
_c$9.00
050 1 0 _aRK60.5
_b.H57 1983
082 0 0 _a617.6/0076
_219
100 1 _aHirsch, Stuart M.
245 1 0 _aDental assistant review :
_bcourse synopses and review questions /
_cby Stuart M. Hirsch, Michael Ostrofsky ; edited by Marie E. Gallagher.
250 _a2nd ed.
260 _aNew York :
_bArco Pub.,
_cc1983.
300 _aviii, 280 p. :
_bill. ;
_c26 cm.
440 0 _aArco medical review series
500 _aRev. ed. of: Dental assistants examination review. c1978.
650 0 _aDental assistants
_xExaminations, questions, etc.
650 0 _aDentistry
_xExaminations, questions, etc.
700 1 _aOstrofsky, Michael.
700 1 _aGallagher, Marie E.
942 _2lcc
_cBK
_e2nd ed.
_n0
999 _c4212
_d4212